| 000 | 04615nam a2200433 4500 | ||
|---|---|---|---|
| 003 | EG-GICUC | ||
| 005 | 20260330133617.0 | ||
| 008 | 260330s2025 ua ||||fr|||| 000 0 ara d | ||
| 040 |
_aEG-GICUC _cEG-GICUC _dEG-GICUC _erda _bara |
||
| 041 | 0 |
_aara _dara _bara |
|
| 049 | _aإهداء | ||
| 082 | 0 | 4 |
_a343.11224 _221 |
| 097 | _aPh.D | ||
| 099 | _aLaw 10 PHD 2025 | ||
| 100 | 0 |
_aمصطفي عبدالله أبو زيد عبدالرحمن _eمؤلف. |
|
| 245 | 1 | 0 |
_aالحماية الجنائية للشهود "دراسة مقارنة" / _cإعداد مصطفي عبدالله أبو زيد عبدالرحمن؛ إشراف الأستاذ الدكتور أحمد عوض بلال. |
| 264 | 0 |
_aالقاهرة : _bكلية الحقوق - جامعة القاهرة, _c2025. |
|
| 300 |
_a485 صفحة : _c25 سم. |
||
| 336 |
_atext _2rda content |
||
| 337 |
_aComputer _2rda media |
||
| 338 |
_aOnline Resource _2rda carrier |
||
| 502 | _a أطروحة (دكتوراة)-جامعة االقاهرة، كلية الحقوق، قسم القانون الجنائي، 2025. | ||
| 504 | _aيشتمل على إرجاعات بيبليوجرافية: 438-477 | ||
| 520 | 3 | _aتكتسب الشهادة أهمية بالغة لإثبات الجرائم والإرشاد عن وقوعها والوصول إلى مرتكبها، والمثل في كثر من الأحيان الخليل الوحيد لاثبات الفعل الإجرامي، وأكثر الوسائل فاعلية في الشهار الطفيلة، لذلك كان من الواجب توفير الحماية اللازمة للشهود تشجيعا لهم على الإدلاء بشهادتهم وقول الحقيقة كاملة وغير ملوحة وبرز موضوع حماية الشهود فهو من الموضوعات الهامة التي لها دور فعال في نظام الحالة الجنائية ومدى تطورها، فالشاهد يعتبر المساعد الأول للعدالة ، حيث يكمن دوره في تقديم المعلومات والأدلة التي من شائعا اثبات الجرائم ولفيها وتحقيق العدالة ومعاقبة المحرمين ، وهذا ما ف يعرض الشاهد المخاطر إلى عدم تقديم شهادته وذلك خوفا على أمنه وسلامته، وأفراد عائلته أيضا عديدة تجعله في الغالب عرضة للخطر والأذى في نفسه وماله وأقاربه من بطش الجناة ومن شأنها أن عليه ولذلك تعتبر الحماية الجنائية للشهود من الأهداف الرئيسة للسياسة الجنائية المعاصرة حيث تؤكد العديد من الاتفاقيات الدولية على توفير أنظمة متكاملة لحماية الشهود وغيرهم من المتعاونين مع العدالة، ولم لحظ حماية الشهود بالاهتمام التشريعي الكافي في مصر. وانطلاقا مما سبق يرى الباحث أهمية حماية الشهود بوصفها غاية تسعى السياسة الجنائية المعاصرة الإقرارها، وإرساء دعائمها؛ لما فيها من فائدة المرفق الحالة الذي سيتمكن من ملاحقة الجناة بشكل أكثر فعالية، مما يمكنه من الدفاع عن المجتمع بإنزال العقوبة بهم، فضلا عن منح المتعاونين مع العدالة، وبخاصة الشهود المهددون الحماية التي يستحقونها لتعاونهم مع العدالة وعدم تعرضهم للخطر. | |
| 650 | 0 | 4 | _aالقانون الجنائي |
| 653 | 0 | _aالأهداف الرئيسة للسياسة الجنائية المعاصرة الشهود المهددون | |
| 653 | 0 | _aتقديم المعلومات والأدلة | |
| 653 | 0 | _aنظام العدالة الجنائية ومدى تطورها | |
| 653 | 0 | _aقول الحقيقة كاملة وغير منقوصة | |
| 653 | 0 | _aالدليل الوحيد لإثبات الفعل الإجرامي الإدلاء بشهادتهم | |
| 653 | 0 | _a الحماية اللازمة للشهود | |
| 655 | 4 |
_aرسائل جامعية _zجامعة القاهرة |
|
| 700 | 0 |
_aأحمد عوض بلال _eمشرف. |
|
| 710 | 2 |
_aجامعة القاهرة _bكلية الحقوق |
|
| 856 | _uhttps://fll.law.cu.edu.eg/fulltext/th/T10-04340.pdf | ||
| 900 |
_b2025 _Uجامعة القاهرة _Fكلية الحقوق _Dقسم القانون الجنائي |
||
| 905 | _a64 | ||
| 942 |
_2ddc _n0 _cTH _e21 |
||
| 999 | _c67573 | ||